000 00534nam a22002057a 4500
003 koha_MIRAKIL
005 20231213095925.0
008 231213b |||||||| |||| 00| 0 ||| d
020 _b9-75925472-7
040 _aTR-IsEVY
_btur
_cTR-IsEVY
082 _a828.3354 KLE/Ö
100 _aKleinbaum, N. H.
245 0 _aÖlü ozanlar derneği
250 _a8. bs.
260 _bNokta Kitap,
_c2006
300 _a160 s.
650 _aAmerican literature -- Fiction.
650 _aAmerikan edebiyatı -- Roman.
942 _2ddc
_cBK
999 _c11646
_d11646